Biochemistry for Medical Students (Record no. 156)

MARC details
000 -LEADER
Fixed length control field 00455nam a2200181Ia 4500
003 - CONTROL NUMBER IDENTIFIER
Control field IIN
005 - DATE AND TIME OF LATEST TRANSACTION
Control field 20240102122255.0
008 - FIXED-LENGTH DATA ELEMENTS--GENERAL INFORMATION
Fixed length control field 231217s9999 xx 000 0 und d
020 ## - INTERNATIONAL STANDARD BOOK NUMBER / ISBN
Price Rs.185.00
International Standard Book Number 9788173819636
040 ## - CATALOGING SOURCE
Original cataloging agency IIN
Language of cataloging English
082 ## - DEWEY DECIMAL CLASSIFICATION NUMBER
Classification number 572.3
Book Number HAR
100 1# - MAIN ENTRY--PERSONAL NAME
Personal name Haridas, N.
245 1# - TITLE STATEMENT
Title Biochemistry for Medical Students
Statement of responsibility N. Haridas
260 ## - IMPRINT
Name of publisher NCBA
Place of publication London
Date of publication 2016
300 ## - PHYSICAL DESCRIPTION
Page / Vol. No xi, 170 p.
650 1# - SUBJECT ADDED ENTRY--TOPICAL TERM
Topical term Biochemistry
942 ## - ADDED ENTRY ELEMENTS (KOHA)
Koha item type Books
Holdings
Withdrawn status Lost status Source of classification Damaged status Not for loan Collection code Home library Current library Date acquired Price Total Checkouts Call number Accession number Date last seen Price effective from Koha item type Shelving location
    Dewey Decimal Classification       IDEAL INSTITUTE OF NURSING IDEAL INSTITUTE OF NURSING 17/12/2023 185.00   572.3 HAR 151 17/12/2023 17/12/2023 Books  
    Dewey Decimal Classification       IDEAL INSTITUTE OF NURSING IDEAL INSTITUTE OF NURSING 17/12/2023 185.00   572.3 HAR 152 17/12/2023 17/12/2023 Books  
    Dewey Decimal Classification     Purches Book IDEAL INSTITUTE OF NURSING IDEAL INSTITUTE OF NURSING 11/03/2025     572.3 HAR 1898 12/04/2025 12/04/2025 Books General Stacks
© Ideal Institute Of Nursing, All rights reserved.         Powered by Koha